000 01022nam a2200265Ia 4500
003 OSt
005 20220923214506.0
006 a|||||r|||| 00| 0
007 ta
008 220922b |||||||| |||| 00| 0 hin d
024 _a170,020
037 _cTextual
040 _aARTS
_cARTS
_bhin
041 _2hin
_ahin
082 _aO152,3N01x, K4
100 _aशर्मा, पाण्डेय बेचन
_9156370
245 0 _aचित्र विचित्र
_b हास्य - व्यंग्यपूर्ण कहानियां
246 _aChitra vichitra: hāsya - vyangyapūrṇa kahāniyāan
260 _aदिल्ली
_b आत्माराम एण्ड संस
_c1964
300 _a132पृ.
_ccm.
490 _aउग्र कहानी साहित्य; 2
650 _aहिन्दी साहित्य
_9156264
942 _hO152,3N01x, K4
_cTEXL
_2CC
999 _c324384
_d324384